Production and inventory management.
Guardat en:
| Autors principals: | , |
|---|---|
| Format: | Llibre |
| Idioma: | anglès |
| Publicat: |
Englewood Cliffs, USA
Prentice-Hall,
1984.
|
| Matèries: | |
| Etiquetes: |
Afegir etiqueta
Sense etiquetes, Sigues el primer a etiquetar aquest registre!
|
MARC
| LEADER | 00000nam a2200000 a 4500 | ||
|---|---|---|---|
| 001 | UCV6837 | ||
| 003 | CL-VaPUC | ||
| 005 | 20231020104017.0 | ||
| 008 | 920123e19840000US |||||||||||||||||eng|d | ||
| 999 | |c 212681 |d 212679 | ||
| 020 | |a 0-13-724880-6 | ||
| 040 | |c Pontificia Universidad Católica de Valparaíso | ||
| 082 | 0 | 4 | |a 658.5 HAX 1984 |2 21 |
| 100 | |a Hax, Arnoldo C |e author |9 578134 | ||
| 245 | 1 | 0 | |a Production and inventory management. |
| 260 | |a Englewood Cliffs, USA |b Prentice-Hall, |c 1984. | ||
| 300 | |a x, 513 páginas. | ||
| 583 | |a last modification |c 20120517 10:59:40 |k Rodrigo Vera | ||
| 650 | 0 | |a Control de la producción |9 263691 | |
| 650 | 0 | |a Control de inventario |9 263777 | |
| 700 | 0 | |a Candea, Dan |e author |9 300852 | |
| 942 | |c BK |2 ddc | ||
| 945 | |d 19920123 00:00:00 | ||
| 952 | |0 0 |1 0 |4 0 |6 658_500000000000000_HAX_1984 |7 0 |8 A |9 194065 |a BIBING |b BIBING |d 2019-11-14 |i 4188624 |l 1 |o 658.5 HAX 1984 |p 4188624 |r 2025-01-20 |s 2023-08-31 |w 2019-11-14 |y BK |k EII | ||